Countries that begin or end with A - Statistics

General Stats
  • This quiz has been taken 47 times
    38 since last reset
  • The average score is 61 of 77
Answer Stats
Answer % Correct
Albania
96%
Algeria
96%
Armenia
96%
Australia
96%
Argentina
92%
Canada
92%
China
92%
India
92%
Jamaica
92%
Estonia
88%
Indonesia
88%
Lithuania
88%
Andorra
85%
Angola
85%
Austria
85%
Croatia
85%
Latvia
85%
Ghana
85%
Mongolia
85%
Panama
85%
Russia
85%
Saudi Arabia
85%
Serbia
85%
Slovenia
85%
Somalia
85%
Antigua and Barbuda
81%
Bulgaria
81%
Cambodia
81%
Colombia
81%
Cuba
81%
Guinea
81%
Moldova
81%
North Macedonia
81%
Papua New Guinea
81%
Romania
81%
Slovakia
81%
South Africa
81%
Tanzania
81%
Tonga
81%
Bolivia
77%
Bosnia and Herzegovina
77%
Costa Rica
77%
Guyana
77%
Kenya
77%
Libya
77%
Nicaragua
77%
Samoa
77%
Sri Lanka
77%
Tunisia
77%
Afghanistan
73%
Azerbaijan
73%
Azerbaijan
73%
Grenada
73%
Guatemala
73%
Liberia
73%
Malaysia
73%
Malta
73%
Mauritania
73%
Namibia
73%
North Korea
73%
Saint Lucia
73%
South Korea
73%
United States
73%
Eritrea
69%
Ethiopia
69%
Gambia
69%
Georgia
69%
Rwanda
69%
Uganda
69%
Venezuela
69%
Equatorial Guinea
65%
Nigeria
65%
Syria
65%
Dominica
62%
Federated States of Micronesia
62%
Botswana
58%
Zambia
54%
No matching quizzes found
Score Distribution
Percent of People with Each Score
Percentile by Number Answered
Your Score History
You have not taken this quiz since the last reset